| 000 | 01162na a2200337 4500 | ||
|---|---|---|---|
| 001 | 20978 | ||
| 003 | MIRAKIL | ||
| 005 | 20181213155144.0 | ||
| 008 | 170130b tu 000 0 | ||
| 035 | _a20978 | ||
| 040 |
_aMilas _btur _cTR-AnCHP |
||
| 041 | _atur | ||
| 082 |
_aCHP 324.2182 _bO62n 2011 |
||
| 090 | _aBROŞÜR 243 | ||
| 100 |
_aOran, Umut _cCHP Milletvekili |
||
| 245 |
_aNeden "ilerleme"dik _bAB İlerleme raporunun değerlendirmesi _bCHP ne dedi AKP ne yaptı AB nasıl değerlendirdi _cUmut Oran |
||
| 246 | _aNeden ilerlemedik | ||
| 246 | _aCHP ne dedi AKP ne yaptı AB nasıl değerlendirdi | ||
| 260 |
_aAnkara _bCHP _c3 Ekim 2011 |
||
| 300 |
_aktl. broşür _brnk. res. _c21 sm. |
||
| 440 |
_aCumhuriyet Halk Partisi yayınları _pBroşürler |
||
| 610 |
_aCHP _xİktidar eleştirisi _yAB politikaları |
||
| 610 |
_aAKP _xDış politika _yAB politikaları |
||
| 650 |
_aAKP iktidarı _xAB politikaları |
||
| 650 |
_aAB uyum süreci _zTürkiye |
||
| 650 |
_aAvrupa Birliği _xTürkiye ilişkileri |
||
| 651 |
_aTürkiye _xSiyaset ve yönetim _y2002- |
||
| 830 | _aCHP broşürleri | ||
| 942 |
_2ddc _cBKS |
||
| 999 |
_c7593 _d7593 |
||